Hrníčková kuchařka : pečeme bez vážení /

Main Author: Pechová, Jaroslava, 1950-
Other Authors: Králová, Ivana, Brich, Jiří, Sýkorová-Pekárková, Eva, 1958-
Language: Czech
Published: Praha : Laguna :Proxima, 1995
Edition: 3. vyd.
Series: Hrníčková kuchařka
Physical Description: 156 s., [16] s. barev. il. ; 22 cm
Book
Saved in:
LEADER 01389nam a2200373 a 4500
001 000035857
003 CZ BrMZK
005 20220630104839.0
007 ta
008 030130s1995 xr a e f |||| 0 cze d
015 |a cnb000109316  |z cnb000118601 
020 |a 80-85952-04-1  |q (váz.)  |z 80-901599-9-0 
035 |a (OCoLC)36601397 
040 |a ABA001  |b cze  |d BOA001 
072 7 |a 641  |x Kuchařství. Potraviny. Vařená jídla  |2 Konspekt  |9 19 
080 |a 641.85  |2 MRF 
080 |a (083.12)  |2 MRF 
100 1 |a Pechová, Jaroslava,  |d 1950-  |7 jk01092345  |4 aut 
245 1 0 |a Hrníčková kuchařka :  |b pečeme bez vážení /  |c Jaroslava Pechová, Ivana Králová ; [ilustrace Eva Sýkorová ; foto Jiří Brich] 
246 3 |a Pečeme bez vážení 
250 |a 3. vyd. 
260 |a Praha :  |b Laguna :  |b Proxima,  |c 1995 
300 |a 156 s., [16] s. barev. il. ;  |c 22 cm 
490 1 |a Hrníčková kuchařka 
650 0 7 |a moučníky  |7 ph115366  |2 czenas 
655 7 |a kuchařské recepty  |7 fd132687  |2 czenas 
700 1 |a Králová, Ivana  |4 aut 
700 1 |a Brich, Jiří  |7 jx20080118017  |4 pht 
700 1 |a Sýkorová-Pekárková, Eva,  |d 1958-  |7 jn99240001169  |4 ill 
830 0 |a Hrníčková kuchařka  |0 s 
910 |a BOA001  |b 2-1014.332  |b 2-1016.461 
920 |a 000058104 
990 |a BK 
996 6 |b 2610031354  |c 2-1016.461  |l MZK  |r Sklad / do 1 hodiny  |n 13  |p p.v.  |w 000035857  |u 000020  |a 1  |e BOA001  |j MZK50  |s P